Чернинского (?)

Доступно только в Электронных читальных залах Найти на картеНа карте
RUSMARC
00003859nac2a22002891x 450
001163a27dd-38d9-489a-8c93-6b6ed36a7257
00520131119114517.0
100##$a20130605l18811885k y0rusy50 ca
1010#$arus
102##$aRU
105##$ay z |||||
1222#$ad18810331
$ad18851202
2001#$aЧернинского (?)
$j31 марта 1881 - 2 декабря 1885
215##$a7 листов
251##$cДело
300##$aЗаголовок дела на папке: Письма Чернинского (?) Кони Анатолию Федоровичу
300##$a5 писем
300##$aРукописный текст
330##$aПереписка А. Ф. Кони; Письма к А. Ф. Кони
461#0$10013a54f2e3-e9cf-409b-80fa-f0a9bd3c40cb
$12001
$aКони Анатолий Федорович, юрист, литератор, член академии наук, председатель Санкт-Петербургского окружного суда, член государственного совета
$1251
$cФонд
$1852
$j564
462#0$100178a475cd-a47d-4377-bff3-cee4b81de655
$12001
$aОпись дел фонда А. Ф. Кони за 1880-1931 гг.
$1251
$cОпись
$1852
$j1
517##$aПисьма Чернинского (?) Кони Анатолию Федоровичу
600#1$aКони
$bА. Ф.
$f1844-1927
$gАнатолий Федорович
600#1$aЧернинский
801#0$aRU
$bGA_RF
801#1$aRU
$bНПО Опыт
$c20130605
$2rusmarc
801#2$aRU
$bПБ им. Б.Н. Ельцина
$c20131119
$gRCR
$2rusmarc
852##$aГА РФ
$j3659
937##$d41805904
$hПБ
035##$aRuPRLIB51006285
Формат отображения